Kofole výrazne rástli tržby

Pozitívny trend vývoja tržieb Skupiny Kofola z prvého štvrťroku pokračoval aj v druhom štvrťroku. Tržby v tomto období medziročne vzrástli nad očakávania o 23 percent. Vysoký nárast tržieb bol však sprevádzaný výrazne rastúcimi nákladmi na čele s energiami, materiálovými vstupmi a mzdovými nákladmi....

Full description

Saved in:
Bibliographic Details
Main Author: Alenová, Gabriela
Format: Book Chapter
Language:Slovak
Subjects:
Tags: Add Tag
No Tags, Be the first to tag this record!

MARC

LEADER 00000naa a2200000 4500
001 0313066
005 20251105142228.7
041 0 |a slo 
044 |a SK 
245 1 0 |a Kofole výrazne rástli tržby  |c Gabriela Alenová 
520 |a Pozitívny trend vývoja tržieb Skupiny Kofola z prvého štvrťroku pokračoval aj v druhom štvrťroku. Tržby v tomto období medziročne vzrástli nad očakávania o 23 percent. Vysoký nárast tržieb bol však sprevádzaný výrazne rastúcimi nákladmi na čele s energiami, materiálovými vstupmi a mzdovými nákladmi. Spoločnosť chce preto revidovať svoje investičné plány a hľadať ďalšie možné úspory na zvýšenie efektivity. 
610 2 0 |a nápoje nealkoholické 
610 2 0 |a značky výrobkov 
610 2 0 |a tržby 
610 2 0 |a vývoj hospodársky 
610 2 0 |a dopyt spotrebiteľský 
100 1 |a Alenová, Gabriela